Модель современного инженерного образования; Модернизация инженерного и общего образования: проблемы и перспективы

Podrobná bibliografie
Parent link:Модернизация инженерного и общего образования: проблемы и перспективы.— 2009.— С. 15-17
Hlavní autor: Ильященко Д. П. Дмитрий Павлович
Další autoři: Крампит Н. Ю. Наталья Юрьевна, Зернин Е. А. Евгений Александрович
Jazyk:ruština
Vydáno: 2009
Témata:
Médium: MixedMaterials Kapitola
KOHA link:https://koha.lib.tpu.ru/cgi-bin/koha/opac-detail.pl?biblionumber=177089

MARC

LEADER 00000naa2a2200000 4500
001 177089
005 20240201102320.0
035 |a (RuTPU)RU\TPU\book\191995 
090 |a 177089 
100 |a 20100311d2009 k y0rusy50 ca 
101 0 |a rus 
102 |a RU 
200 1 |a Модель современного инженерного образования  |f Д. П. Ильященко, Н. Ю. Крампит, Е. А. Зернин 
320 |a Библиогр.: 1 назв. 
463 0 |0 (RuTPU)RU\TPU\book\186925  |t Модернизация инженерного и общего образования: проблемы и перспективы  |o труды VII Всероссийской научно-практической конференции, 12 ноября 2009 года Юрга  |f Томский политехнический университет (ТПУ), Юргинский технологический институт (ЮТИ)  |v С. 15-17  |d 2009  |p 279 с. 
610 1 |a инженерное образование 
610 1 |a модели 
610 1 |a подготовка специалистов 
610 1 |a труды учёных ТПУ 
700 1 |a Ильященко  |b Д. П.  |c специалист в области сварочного производства  |c доцент Юргинского технологического института (филиала) Томского политехнического университета, кандидат технических наук  |f 1980-  |g Дмитрий Павлович  |3 (RuTPU)RU\TPU\pers\25915  |9 11766 
701 1 |a Крампит  |b Н. Ю.  |c доцент, кандидат технических наук  |c Юргинский технологический институт (филиал) Томского политехнического университета  |g Наталья Юрьевна  |3 (RuTPU)RU\TPU\pers\24312 
701 1 |a Зернин  |b Е. А.  |c доцент, кандидат технических наук  |c Юргинский технологический институт (филиал) Томского политехнического университета  |g Евгений Александрович  |3 (RuTPU)RU\TPU\pers\24288 
801 1 |a RU  |b 63413507  |c 20100311 
942 |c BK